Trigonometric Functions Quiz - Statistics

General Stats
  • This quiz has been taken 285 times
  • The average score is 4 of 6
Answer Stats
Question Answer % Correct
tan x = Opposite / Adjacent
92%
sin x = Opposite / Hypotenuse
92%
cos x = Adjacent / Hypotenuse
88%
cot x = Adjacent / Opposite
60%
sec x = Hypotenuse / Adjacent
48%
csc x = Hypotenuse / Opposite
48%
No matching quizzes found
Score Distribution
Percent of People with Each Score
Percentile by Number Answered
Your Score History
You have not taken this quiz